[Event "Berlin Lichtenberger op 12th"]
[Site "Berlin"]
[Date "2013.08.20"]
[Round "4"]
[White "Kuckel, Andreas"]
[Black "Schmitt, Jens Ole"]
[Result "1-0"]
[WhiteElo "1937"]
[BlackElo "1676"]
[PlyCount "37"]
[EventDate "2013.08.17"]
[EventType "swiss"]
[EventRounds "9"]
[EventCountry "GER"]
[SourceTitle "CBM 156 Extra"]
[Source "ChessBase"]
[SourceDate "2013.10.22"]
[SourceVersion "1"]
[SourceVersionDate "2013.10.22"]
[SourceQuality "1"]

1. c4 e6 2. Nf3 b6 3. Nc3 Bb7 4. e4 Bb4 5. Qc2 Nf6 6. d3 d6 7. Be2 0-0 8. 0-0 c5 9. Bg5 h6 10. Bxf6 Qxf6 11. Nd1 Nc6 12. a3 Ba5 13. Rb1 a6 14. Qa4 Rfb8 15. Ne3 Qd8 16. Rfd1 Ne7 17. b4 b5 18. Qxa5 Qd7 19. bxc5 1-0

[Event "Berlin Lichtenberger op 12th"]
[Site "Berlin"]
[Date "2013.08.19"]
[Round "3"]
[White "Schmitt, Jens Ole"]
[Black "Deutschbein, Christopher"]
[Result "1/2-1/2"]
[WhiteElo "1676"]
[BlackElo "2003"]
[PlyCount "49"]
[EventDate "2013.08.17"]
[EventType "swiss"]
[EventRounds "9"]
[EventCountry "GER"]
[SourceTitle "CBM 156 Extra"]
[Source "ChessBase"]
[SourceDate "2013.10.22"]
[SourceVersion "1"]
[SourceVersionDate "2013.10.22"]
[SourceQuality "1"]

1. e4 e5 2. Nf3 Nc6 3. Bb5 a6 4. Bxc6 dxc6 5. Nc3 Bd6 6. d4 f6 7. dxe5 fxe5 8. Bg5 Nf6 9. Qd3 Be6 10. 0-0-0 b5 11. Ne2 Bc4 12. Qe3 Qe7 13. Ng3 g6 14. Qc3 c5 15. h4 Bf7 16. h5 0-0-0 17. Rh2 Qe6 18. Bxf6 Qxf6 19. Rdh1 Rhe8 20. Qe3 Qe6 21. Qa3 Be7 22. Nxe5 Qxe5 23. Qxa6+ Kb8 24. Qxb5+ Ka7 25. Qa5+ 1/2-1/2

[Event "Berlin Lichtenberger op 12th"]
[Site "Berlin"]
[Date "2013.08.17"]
[Round "1"]
[White "Schmitt, Jens Ole"]
[Black "Schmidt, Markus1"]
[Result "1/2-1/2"]
[WhiteElo "1676"]
[BlackElo "2061"]
[PlyCount "100"]
[EventDate "2013.08.17"]
[EventType "swiss"]
[EventRounds "9"]
[EventCountry "GER"]
[SourceTitle "CBM 156 Extra"]
[Source "ChessBase"]
[SourceDate "2013.10.22"]
[SourceVersion "1"]
[SourceVersionDate "2013.10.22"]
[SourceQuality "1"]

1. e4 g6 2. d4 Bg7 3. Nc3 d6 4. f4 a6 5. Nf3 b5 6. Bd3 Bb7 7. 0-0 Nd7 8. e5 Nh6 9. Qe2 0-0 10. Be3 c5 11. Be4 Bxe4 12. Nxe4 cxd4 13. Bxd4 Nf5 14. c3 dxe5 15. Nxe5 Nxe5 16. Bxe5 f6 17. Rad1 Qb6+ 18. Bd4 Nxd4 19. cxd4 f5 20. Nc5 Bxd4+ 21. Rxd4 Qxc5 22. Qe6+ Kg7 23. Qd5 Qxd5 24. Rxd5 Rfd8 25. Re5 Kf7 26. Rfe1 Ra7 27. R1e2 Rd4 28. g3 Rad7 29. Kf2 R4d5 30. Re6 R5d6 31. R6e5 e6 32. R5e3 Rd2 33. Rxe6 Rxb2 34. Rxa6 Rdd2 35. Ra7+ Kf6 36. Ra6+ Kg7 37. Rxd2 Rxd2+ 38. Kg1 b4 39. Rb6 Rb2 40. Ra6 Kf7 41. Ra5 Ke6 42. a3 b3 43. Rb5 Kd6 44. a4 Kc6 45. Kf1 Rxh2 46. Rxb3 Ra2 47. Rb4 Kc5 48. Rb7 Rxa4 49. Rxh7 Kd4 50. Kf2 Ra2+ 1/2-1/2

[Event "Saarland-ch D"]
[Site "Saarlouis Steinrausch"]
[Date "2005.03.20"]
[Round "3"]
[White "Schmidt, Steven"]
[Black "Schmitt, Jens Ole"]
[Result "1-0"]
[WhiteElo "1159"]
[BlackElo "1109"]
[PlyCount "21"]
[EventDate "2005.03.18"]
[EventType "swiss"]
[EventRounds "9"]
[EventCountry "GER"]
[SourceTitle "EXT 2012"]
[Source "ChessBase"]
[SourceDate "2011.11.24"]
[SourceVersion "1"]
[SourceVersionDate "2011.11.24"]
[SourceQuality "1"]

1. e4 c5 2. Bc4 e6 3. d3 Nc6 4. Nc3 Nf6 5. Nf3 g6 6. Bg5 Bg7 7. e5 Nxe5 8. Nxe5 d5 9. Bb5+ Bd7 10. Nxd7 a6 11. Nxf6+ 1-0

[Event "Saarland-ch D"]
[Site "Saarlouis Steinrausch"]
[Date "2005.03.19"]
[Round "2"]
[White "Schmitt, Jens Ole"]
[Black "Klehr, Fabian"]
[Result "1/2-1/2"]
[WhiteElo "1109"]
[BlackElo "881"]
[PlyCount "52"]
[EventDate "2005.03.18"]
[EventType "swiss"]
[EventRounds "9"]
[EventCountry "GER"]
[SourceTitle "EXT 2012"]
[Source "ChessBase"]
[SourceDate "2011.11.24"]
[SourceVersion "1"]
[SourceVersionDate "2011.11.24"]
[SourceQuality "1"]

1. e4 d5 2. exd5 Qxd5 3. Nc3 Qa5 4. d4 Nf6 5. Bd2 c6 6. Bc4 Bf5 7. Qc1 Nbd7 8. Nd5 Qd8 9. Nxf6+ Nxf6 10. Nf3 e6 11. 0-0 Be7 12. Re1 h6 13. Bc3 0-0 14. Bb3 Qc7 15. Ne5 Rad8 16. Qe3 Nd5 17. Qf3 Rd6 18. Bd2 c5 19. c3 Bf6 20. Qg3 Kh7 21. Bxd5 Rxd5 22. Bf4 Qc8 23. h4 b6 24. Ng4 Bxg4 25. Qxg4 Qd8 26. Be5 Kh8 1/2-1/2